Growth response of seedlings of Acacia ailanthus and casuarina to triacontanol (VIPUL) (Record no. 45699)

MARC details
000 -LEADER
fixed length control field 00341nam a2200109Ia 4500
100 ## - MAIN ENTRY--AUTHOR NAME
Personal name Somen C.K.
245 #0 - TITLE STATEMENT
Title Growth response of seedlings of Acacia ailanthus and casuarina to triacontanol (VIPUL)
260 ## - PUBLICATION, DISTRIBUTION, ETC. (IMPRINT)
Name of publisher Indian Journal of Forestry
Year of publication 1991
700 ## - ADDED ENTRY--PERSONAL NAME
Personal name Seethalakshmi K.K.
942 ## - ADDED ENTRY ELEMENTS (KOHA)
Koha item type Reprints
Holdings
Withdrawn status Lost status Damaged status Not for loan Home library Current library Date acquired Serial Enumeration / chronology Koha item type
      Reprints RRII Library RRII Library 22/12/2021 Volume 14, Issue 1 Reprints